000 00878nam a2200253 i 4500
001 175308
003 ES-MaACL
005 20230906215809.0
007 t|
008 101020s2010 sp a ||||1| spa d
020 _a978-84-96800-41-0
080 _a677.542
080 _a633.5
100 1 _aBañón Cifuentes, María del Carmen.
_9143689
245 1 3 _aEl campus spartarius romano
_b: ¿una herencia púnica administrada por Roma? /
_cMaría del Carmen Bañón Cifuentes.
260 _aAlbacete :
_bInstituto de Estudios Albacetenses "Don Juan Manuel",
_c2010.
300 _a95 p. :
_bil. ;
_c23 cm.
490 1 _aSerie IV-Cuadernos albacetenses ;
_v14
650 4 _aEsparto.
_9143690
710 1 _aInstituto de Estudios Albacetenses.
_94884
830 0 _aSerie IV-Cuadernos albacetenses ;
_v14
_9189643
852 _aES-MaACL
_j2259-F-26
999 _c175308
_d175308